| LEADER 00000nam 2200000uu 4500 |
| 001 208153 |
| 003 ULIBM |
| 008 120918s2555||||th 000 0 tha d |
| 040 ^abcnkk
|
| 041 0 ^atha
|
| 050 0 ^aLB1131 พ271ร 2555
|
| 100 0 ^aพรรณิภา ทองณรงค์...[และคนอื่นๆ].
|
| 245 00 ^aรายงานสรุปโครงการการประเมินผล ผลการพัฒนาสมรรถนะและอัตลักษณ์ตามคุณลักษณะพยาบาลชุมชน เพื่อชุมชน ของชุมชน โดยชุมชน จังหวัดขอนแก่น./^bพรรณิภา ทองณรงค์...[และคนอื่นๆ].
|
| 260 ^aขอนแก่น : ^bวิทยาลัยพยาบาลบรมราชชนนี ขอนแก่น,^c2555.
|
| 300 ^aจำนวน 68 หน้า;^bภาพประกอบ.
|
| 650 0 ^aพยาบาล
|
| 650 0 ^aการพัฒนาสมรรถนะ.
|
| 650 0 ^aการประเมินผล.
|
| 650 0 ^aวิทยาลัยพยาบาลบรมราชชนนี ขอนแก่น ^xรายงานสรุปโครงการ.
|
| 700 0 ^aพรรณิภา ทองณรงค์.
|
| 710 1 ^aขอนแก่น. วิทยาลัยพยาบาลบรมราชชนนี.
|
| 999 ^aใช้งานได้ทุกระบบ
|